| 000 | 01194nam a2200229Ia 4500 | ||
|---|---|---|---|
| 001 | 19444 | ||
| 003 | GE_BSU | ||
| 008 | 181216s||||||||xx |||||||||||||| ||und|| | ||
| 040 | _cGE_BSU | ||
| 080 | _a811.353.1(058) | ||
| 245 | _aმოამბე,III აკად. ნ. მარის სახელობის ენის, ისტორიისა და მატერიალური კულტურის ინსტიტუტის მოამბე Известия института языка, истории и материальной культуры им. акад. Н.Я. Марра,=Bulletin De L'Institut Marr De Langues, D'Histoire et De Culture Materielle | ||
| 245 | _cრედ:ჯანაშია, სიმონ | ||
| 260 | _aტფილისი. | ||
| 260 | _bსაქართველოს მეცნიერებათა აკადემიის გამომცემლობა | ||
| 260 | _c1938 | ||
| 300 | _a387გვ;24სმ. | ||
| 520 | _aენიმკის მოამბე | ||
| 541 | _h2ლ.40თ | ||
| 653 | _aენათმეცნიერება, | ||
| 653 | _aმოამბე, III | ||
| 942 | _cBK | ||
| 999 |
_c52422 _d52422 |
||